Education in the United States of America. (Record no. 22169)
[ view plain ]
| 000 -LEADER | |
|---|---|
| fixed length control field | 00994cam a22002651 4500 |
| 001 - CONTROL NUMBER | |
| control field | e 52000020 |
| 003 - CONTROL NUMBER IDENTIFIER | |
| control field | DLC |
| 005 - DATE AND TIME OF LATEST TRANSACTION | |
| control field | 20260227111234.0 |
| 008 - FIXED-LENGTH DATA ELEMENTS--GENERAL INFORMATION | |
| fixed length control field | 800206s1951 dcua 000 0 eng |
| 010 ## - LIBRARY OF CONGRESS CONTROL NUMBER | |
| LC control number | e 52000020 |
| 035 ## - SYSTEM CONTROL NUMBER | |
| System control number | (OCoLC)5959729 |
| 040 ## - CATALOGING SOURCE | |
| Original cataloging agency | DLC |
| Transcribing agency | ArU |
| Modifying agency | DLC |
| 042 ## - AUTHENTICATION CODE | |
| Authentication code | premarc |
| 050 00 - LIBRARY OF CONGRESS CALL NUMBER | |
| Classification number | L111 |
| Item number | .A77 no. 3 |
| 110 1# - MAIN ENTRY--CORPORATE NAME | |
| Corporate name or jurisdiction name as entry element | United States. |
| Subordinate unit | Office of Education. |
| 245 10 - TITLE STATEMENT | |
| Title | Education in the United States of America. |
| 260 ## - PUBLICATION, DISTRIBUTION, ETC. | |
| Place of publication, distribution, etc. | [Washington] |
| Name of publisher, distributor, etc. | Federal Security Agency, Office of Education |
| Date of publication, distribution, etc. | [1951] |
| 300 ## - PHYSICAL DESCRIPTION | |
| Extent | iv, 62 p. |
| Other physical details | illus. |
| Dimensions | 25 cm. |
| 490 1# - SERIES STATEMENT | |
| Series statement | Its Special series, |
| Volume/sequential designation | no. 3 |
| 501 ## - WITH NOTE | |
| With note | With : College building needs / Ernest V. Hollis and associates. Washington : Govt. Print. Off., 1949. Bound together subsequent to publication. |
| Institution to which field applies | DLC |
| 650 #0 - SUBJECT ADDED ENTRY--TOPICAL TERM | |
| Topical term or geographic name entry element | Education |
| Geographic subdivision | United States. |
| 650 #0 - SUBJECT ADDED ENTRY--TOPICAL TERM | |
| Topical term or geographic name entry element | Education and state |
| Geographic subdivision | United States. |
| 650 #0 - SUBJECT ADDED ENTRY--TOPICAL TERM | |
| Topical term or geographic name entry element | Education |
| Geographic subdivision | United States |
| General subdivision | Finance. |
| 810 1# - SERIES ADDED ENTRY--CORPORATE NAME | |
| Corporate name or jurisdiction name as entry element | United States. |
| Subordinate unit | Office of Education. |
| Title of a work | Special series, |
| Volume/sequential designation | no. 3. |
No items available.